SEVENTEENアルバム曲 - Statistics

General Stats
  • This quiz has been taken 12 times
  • The average score is 19 of 31
Answer Stats
album name Answer % Correct
2020.04.01 舞い落ちる花びら(Fallin’ Flower) 舞い落ちる花びら
91%
2021.04.21 ひとりじゃない ひとりじゃない
91%
2022.05.27 Face the Sun HOT
82%
2015.09.10 BOYS BE MANSAE
82%
2016.04.25 LOVE&LETTER Pretty U
82%
2021.10.22 Attacca Rock with you
82%
2021.12.09 あいのちから あいのちから
73%
2015.05.29 17 CARAT Adore U
73%
2023.04.24 FML Super
73%
2016.07.04 Love&Letter: Seventeen Vol.1 (Repackage) VERY NICE
73%
2024.11.27 消費期限 消費期限
64%
2020.09.09 24H 24H
64%
2019.01.21 YOU MADE MY DAWN Home
64%
2020.10.19 ; [Semicolon] HOME;RUN
64%
2023.04.30 17 IS RIGHT HERE MAESTRO
64%
2022.07.18 SECTOR 17 _WORLD
64%
2017.11.06 TEEN,AGE CLAP
55%
2017.05.22 A|1 Don’t Wanna Cry
55%
2022.11.09 DREAM DREAM
55%
2019.09.16 An Ode Fear
55%
2023.10.23 SEVENTEENTH HEAVEN God of Music
55%
2019.05.29 Happy Ending Happy Ending
55%
2020.06.22 Heng:garæ Left & Right
55%
2016.12.05 Going Seventeen BOOMBOOM
45%
2018.05.30 WE MAKE YOU CALL CALL CALL!
45%
2024.10.14 SPILL THE FEELS LOVE, MONEY, FAME
45%
2021.06.18 Your Choice Ready to love
45%
2023.08.23 ALWAYS YOURS 今 -明日 世界が終わっても
36%
2023.04.24 FML F*ck My Life
36%
2018.07.16 YOU MADE MY DAY Oh My!
36%
2018.02.05 DIRECTOR’S CUT THANKS
36%
No matching quizzes found
Score Distribution
Percent of People with Each Score
Percentile by Number Answered
Your Score History
You have not taken this quiz